<?xml version="1.0" encoding="UTF-8"?>
<record
    xmlns:xsi="http://www.w3.org/2001/XMLSchema-instance"
    xsi:schemaLocation="http://www.loc.gov/MARC21/slim http://www.loc.gov/standards/marcxml/schema/MARC21slim.xsd"
    xmlns="http://www.loc.gov/MARC21/slim">

  <leader>00724nam a2200193 a 4500</leader>
  <controlfield tag="003">OSt</controlfield>
  <controlfield tag="005">20150408114122.0</controlfield>
  <controlfield tag="008">130303s2013    ua ||||g b    00| 0 ara d</controlfield>
  <datafield tag="020" ind1=" " ind2=" ">
    <subfield code="a">9789773883261</subfield>
  </datafield>
  <datafield tag="040" ind1=" " ind2=" ">
    <subfield code="a">MA_UN</subfield>
  </datafield>
  <datafield tag="082" ind1="0" ind2="4">
    <subfield code="2">21</subfield>
    <subfield code="a">155.455</subfield>
    <subfield code="b">&#x62F; &#x646; &#x633;</subfield>
  </datafield>
  <datafield tag="100" ind1="1" ind2=" ">
    <subfield code="a">&#x627;&#x644;&#x62F;&#x645;&#x646;&#x647;&#x648;&#x631;&#x64A;&#x60C; &#x646;&#x627;&#x62C;&#x64A; &#x645;&#x62D;&#x645;&#x62F; &#x642;&#x627;&#x633;&#x645;</subfield>
    <subfield code="9">22057</subfield>
  </datafield>
  <datafield tag="245" ind1="1" ind2="0">
    <subfield code="a">&#x633;&#x64A;&#x643;&#x648;&#x644;&#x648;&#x62C;&#x64A;&#x629; &#x627;&#x644;&#x645;&#x648;&#x647;&#x628;&#x629; &#x648;&#x627;&#x644;&#x62A;&#x641;&#x648;&#x642; /</subfield>
    <subfield code="c">&#x646;&#x627;&#x62C;&#x64A; &#x645;&#x62D;&#x645;&#x62F; &#x642;&#x627;&#x633;&#x645; &#x627;&#x644;&#x62F;&#x645;&#x646;&#x647;&#x648;&#x631;&#x64A;.</subfield>
  </datafield>
  <datafield tag="260" ind1=" " ind2=" ">
    <subfield code="a">&#x627;&#x644;&#x642;&#x627;&#x647;&#x631;&#x629; :</subfield>
    <subfield code="b">&#x645;&#x631;&#x643;&#x632; &#x627;&#x644;&#x625;&#x633;&#x643;&#x646;&#x62F;&#x631;&#x64A;&#x629; &#x644;&#x644;&#x643;&#x62A;&#x627;&#x628;&#x60C;</subfield>
    <subfield code="c">2013</subfield>
    <subfield code="m">[1433]</subfield>
  </datafield>
  <datafield tag="300" ind1=" " ind2=" ">
    <subfield code="a">202 &#x635;. &#x61B;</subfield>
    <subfield code="c">24 &#x633;&#x645;.</subfield>
  </datafield>
  <datafield tag="504" ind1=" " ind2=" ">
    <subfield code="a">&#x64A;&#x634;&#x62A;&#x645;&#x644; &#x639;&#x644;&#x649; &#x625;&#x631;&#x62C;&#x627;&#x639;&#x627;&#x62A; &#x628;&#x628;&#x644;&#x64A;&#x648;&#x62C;&#x631;&#x627;&#x641;&#x64A;&#x629;.</subfield>
  </datafield>
  <datafield tag="650" ind1=" " ind2="7">
    <subfield code="2">aucsh</subfield>
    <subfield code="a">&#x627;&#x644;&#x645;&#x648;&#x647;&#x648;&#x628;&#x648;&#x646; </subfield>
    <subfield code="x">&#x639;&#x644;&#x645; &#x646;&#x641;&#x633;</subfield>
    <subfield code="9">13019</subfield>
  </datafield>
  <datafield tag="942" ind1=" " ind2=" ">
    <subfield code="2">ddc</subfield>
    <subfield code="c">BOOK</subfield>
  </datafield>
  <datafield tag="999" ind1=" " ind2=" ">
    <subfield code="c">28476</subfield>
    <subfield code="d">262976</subfield>
  </datafield>
  <datafield tag="952" ind1=" " ind2=" ">
    <subfield code="1">0</subfield>
    <subfield code="2">2013-03-25</subfield>
    <subfield code="4">0</subfield>
    <subfield code="7">1</subfield>
    <subfield code="a">155.455 &#x62F; &#x646; &#x633;</subfield>
    <subfield code="c">1</subfield>
    <subfield code="d">2013-03-25</subfield>
    <subfield code="h">CL</subfield>
    <subfield code="i">00203248</subfield>
    <subfield code="m">CL</subfield>
    <subfield code="r">2013-03-25 00:00:00</subfield>
    <subfield code="t">BOOK</subfield>
    <subfield code="w">ddc</subfield>
    <subfield code="y">0</subfield>
  </datafield>
  <datafield tag="952" ind1=" " ind2=" ">
    <subfield code="1">0</subfield>
    <subfield code="2">2013-03-25</subfield>
    <subfield code="4">0</subfield>
    <subfield code="7">0</subfield>
    <subfield code="a">155.455 &#x62F; &#x646; &#x633;</subfield>
    <subfield code="c">2</subfield>
    <subfield code="d">2013-03-25</subfield>
    <subfield code="h">CL</subfield>
    <subfield code="i">00203249</subfield>
    <subfield code="m">CL</subfield>
    <subfield code="r">2013-03-25 00:00:00</subfield>
    <subfield code="t">BOOK</subfield>
    <subfield code="w">ddc</subfield>
    <subfield code="y">0</subfield>
  </datafield>
  <datafield tag="952" ind1=" " ind2=" ">
    <subfield code="1">0</subfield>
    <subfield code="2">2013-03-25</subfield>
    <subfield code="4">0</subfield>
    <subfield code="7">0</subfield>
    <subfield code="a">155.455 &#x62F; &#x646; &#x633;</subfield>
    <subfield code="c">3</subfield>
    <subfield code="d">2013-03-25</subfield>
    <subfield code="h">CL</subfield>
    <subfield code="i">00203250</subfield>
    <subfield code="m">CL</subfield>
    <subfield code="r">2013-03-25 00:00:00</subfield>
    <subfield code="t">BOOK</subfield>
    <subfield code="w">ddc</subfield>
    <subfield code="y">0</subfield>
  </datafield>
</record>
